000 00591nam a2200181Ia 4500
008 090124s9999 xx 000 0 und d
082 _b132309
100 _aमेहेंदळे विश्वास
245 _a स्मृती - विस्मृती
250 _a1
260 _c2004
300 _a132
600 _aमेहेंदळे विश्वास
630 _a स्मृती - विस्मृती
700 _aमेहेंदळे विश्वास
730 _a स्मृती - विस्मृती
942 _cBOOK
999 _c178398
_d178398